El proyecto México de la Fundación Alemana para la Investigación Científica : investigaciones regionales interdisciplinarias mexicano-alemanas realizadas en la cuenca Puebla-Tlaxcala V /
Tres estudios sobre la integración de México en la cultura europea a finales del siglo XVI; a través del análisis de títulos de libros que se enviaban del Sevilla a la Nueva España, se puede configurar una estratigrafía cultural. Se toman como referencia las listas sevillanas de exportación de 1586,...
Na minha lista:
| Autor principal: | |
|---|---|
| Outros Autores: | |
| Formato: | Livro |
| Idioma: | espanhol |
| Publicado em: |
Wiesbaden, Alemania :
Franz Steiner,
1973, c1973
|
| Assuntos: | |
| Tags: |
Sem tags, seja o primeiro a adicionar uma tag!
|
MARC
| LEADER | 00000nam^a2200000^a^4500 | ||
|---|---|---|---|
| 001 | 000563807 | ||
| 005 | 20250526000000.0 | ||
| 009 | 20260310132012.644 | ||
| 037 | |a Acervo ITESO - Biblioteca | ||
| 041 | |a ESP | ||
| 091 | |a FHA. 03001 | ||
| 100 | |a Lauer, Wilhelm |e (edición) | ||
| 245 | 1 | 3 | |a El proyecto México de la Fundación Alemana para la Investigación Científica : |b investigaciones regionales interdisciplinarias mexicano-alemanas realizadas en la cuenca Puebla-Tlaxcala V / |c Ed. de W. Lauer ; pról. de E.W. Palm. |
| 264 | 4 | |a Wiesbaden, Alemania : |b Franz Steiner, |c 1973, c1973 | |
| 300 | |a 145 p., 4 p. de láminas ; |c 28.0 cm. | ||
| 336 | |a texto |b txt |2 rdacontenido | ||
| 337 | |a sin mediación |b n |2 rdamedio | ||
| 338 | |a volumen |b nc |2 rdasoporte | ||
| 515 | |a Inventario familia Hartung: 3677 | ||
| 520 | |a Tres estudios sobre la integración de México en la cultura europea a finales del siglo XVI; a través del análisis de títulos de libros que se enviaban del Sevilla a la Nueva España, se puede configurar una estratigrafía cultural. Se toman como referencia las listas sevillanas de exportación de 1586, y listas de distribución interior mexicana; la presencia de una obra no implica su influencia, pero sí es un indicador el saber qué estuvo disponible y por qué tal selección. Se pone especial atención en el área de Puebla-Tlaxcala, debido a la influencia de la Biblioteca Palafoxiana de Puebla, la más importante en la época virreinal de la Nueva España. | ||
| 546 | |a Edición bilingüe: español-alemán | ||
| 561 | |a Ex libris de Hartung Ashida [Familia] | ||
| 610 | |a Biblioteca Palafoxiana - |z Puebla | ||
| 649 | |a XX | ||
| 650 | |a Bibliotecas - |z Puebla (Ciudad) | ||
| 650 | |a Bibliotecas - |z México - |x Historia - |y Epoca Colonial, 1517-1821 | ||
| 650 | |a Libros - |z Puebla (Ciudad) - |x Historia - |y Siglo XVI - |x Tema Principal | ||
| 650 | |a Libros - |z México - |x Historia - |y Siglo XVI | ||
| 650 | |a Libros - |z México - |x Historia - |y Virreinato, 1535-1821 | ||
| 650 | |a Intercambio Cultural - |z México-Europa - |x Historia - |x Virreinato, 1535-1821 | ||
| 650 | |a Consumo y Oferta Cultural - |z México - |x Historia - |y Siglo XVI - |x Tema Principal | ||
| 650 | |a Cultura - |z México - |x Historia - |y Siglo XVI | ||
| 650 | |a México - |x Historia - |y Siglo XVI | ||
| 650 | |a México - |x Historia - |y Virreinato, 1535-1821 | ||
| 700 | |a Palm, Erwin Walter |e (prólogo) | ||
| 910 | |a Fondo Horst Hartung Franz | ||
| 920 | |a Impresos - Libros | ||
| 930 | |a Libros Antiguos y Raros | ||
| 905 | |a 135 | ||
| 901 | |a 0500334300 |b IT2 |c LRA |i D |u 20250526 | ||
| 902 | |a https://opac.biblio.iteso.mx/vufind/Record/000563807 | ||